000 00197nam a2200109Ia 4500
100 _aCERF/BENETT.A.
942 _cBK
245 _aTHE BESIDE.
260 _b#N/A
546 _aENGLISH
999 _c23919
_d23919